| 000 | 00463nam a2200241Ia 4500 | ||
|---|---|---|---|
| 001 | 068272 | ||
| 003 | YMCAF | ||
| 005 | 20230512160512.0 | ||
| 008 | 100717s1979 ||||||||||||||||| ||und|d | ||
| 020 | _a- | ||
| 024 | _a68272 | ||
| 035 | _a7735 | ||
| 040 |
_aYMCAF _beng _cIN-KoLT |
||
| 041 | _aeng | ||
| 100 | _aNYIT | ||
| 245 | 0 | _aPULES CIRCUITS | |
| 250 | _a- | ||
| 260 |
_b- _c1979 |
||
| 300 | _a293 | ||
| 653 | _a- | ||
| 653 | _a- | ||
| 942 |
_2ddc _cBK |
||
| 999 |
_c4943 _d4943 |
||